| 000 | 01039cam a2200301 a 4500 | ||
|---|---|---|---|
| 005 | 20260322212006.0 | ||
| 008 | data | ||
| 010 | _a 96032634 | ||
| 020 | _a0891347364 (pbk.) | ||
| 020 | _a9780891347361 (pbk.) | ||
| 040 |
_aDLC _cDLC _dDLC |
||
| 050 | 0 | 0 |
_aNC892 _b.B68 1997 |
| 082 | 0 | 0 |
_a741.2/4 _220 |
| 092 | _a741.2 B68 1997 | ||
| 100 | 1 | _aBorgeson, Bet. | |
| 245 | 1 | 0 |
_aBasic colored pencil techniques / _cBet Borgeson & Bet Borgeson. |
| 250 | _a1st ed. | ||
| 260 |
_aCincinnati, Ohio : _bNorth Light Books, _cc1997. |
||
| 300 |
_a128 p. : _bill. (some col.) ; _c28 cm. |
||
| 500 | _aRev. ed. of: Colored pencil fast techniques. 1988. | ||
| 500 | _aIncludes index. | ||
| 650 | 0 |
_aColored pencil drawing _xTechnique. |
|
| 700 | 1 |
_aBorgeson, Bet. _tColored pencil fast techniques. |
|
| 906 |
_a7 _bcbc _corignew _d1 _eocip _f19 _gy-gencatlg |
||
| 925 | 0 |
_aacquire _b1 shelf copy _xpolicy default |
|
| 001 | data | ||
| 999 |
_c88 _d88 |
||